000 00862nam a22002297a 4500
001 BD-DhSAU 125
003 BD-DhSAU
005 20140609110005.0
008 140119b ii a|||| |||| 001 0 eng d
020 _a818321004X
040 _cBD-DhSAU
082 _222
_a635 / SIP
100 _aSingh, D. K.
245 _aPhysiology and post-harvest management of horticultural corps /
_cD.K. Singh and S. K. Singh
260 _aUdaipur, India :
_bAgrotech Publishing Academy.
_c2005
300 _axii, 232 p. :
_bill. ;
_c22 cm.
650 _aHorticulture
650 _aPost harvest management
700 _aSingh, S. K.
856 _uhttp://books.google.com.bd/books?id=tEqoAAAACAAJ&dq=818321004X&hl=en&sa=X&ei=RW_bUuvrFsa4rgedsoHwDw&redir_esc=y
856 _uhttp://www.amazon.com/gp/search?index=books&linkCode=qs&keywords=818321004X
942 _2ddc
_cBOOK
999 _c125
_d125